| 000 | 00605nam a2200217 a 4500 | ||
|---|---|---|---|
| 001 | 16379 | ||
| 003 | CO-ViMGA | ||
| 008 | 141112s2004 ck r 000 u spa d | ||
| 020 | _a958300569X | ||
| 040 |
_aCO-ViMGA _bspa _cCO-ViMGA |
||
| 082 | 0 | 4 | _aCo863.6 E761h |
| 100 | 1 | _aEspaña, Gonzalo | |
| 245 | 1 | 0 | _aHistorias de amores y desvarios en América |
| 260 |
_aBogotá : _bPanAméricana, _c1999 |
||
| 300 | _a180.p.il. | ||
| 490 | _aLiteratura juvenil | ||
| 590 | _aForma de adquisición : Premio - Mincultura | ||
| 650 | 1 | 4 |
_aAMOR - CUENTOS _92187 |
| 650 | 1 | 4 | _aCUENTOS COLOMBIANOS |
| 942 |
_2ddc _cBK |
||
| 999 |
_c26249 _d26249 |
||